[Event "Baku Open 2016"]
[Site "Baku AZE"]
[Date "2016.09.24"]
[Round "7.17"]
[White "Mamedjarova, Turkan"]
[Black "Guliev, Logman"]
[Result "1/2-1/2"]
[WhiteTitle "WGM"]
[BlackTitle "IM"]
[WhiteElo "2304"]
[BlackElo "2390"]
[WhiteFideId "13402005"]
[BlackFideId "13400061"]
[EventDate "2016.09.18"]

1. e4 c5 2. Nc3 e6 3. g3 Nc6 4. Bg2 d6 5. Nge2 Nf6 6. d4 cxd4 7. Nxd4 Bd7 8.
Ndb5 Qb8 9. Bf4 Ne5 10. Bg5 a6 11. Bxf6 axb5 12. Bxe5 dxe5 13. O-O b4 14. Nb1
Bb5 15. Re1 Bc5 16. Nd2 O-O 17. Nb3 Bb6 18. Qd2 Ra4 19. Red1 Qa7 20. Nc1 b3 21.
Nxb3 Bc6 22. Qe2 Rxa2 23. c4 Qa4 24. Qc2 Rxa1 25. Rxa1 Qb4 26. c5 Bc7 27. Qc3
Qxc3 28. bxc3 Rd8 29. Kf1 Kf8 30. Ke1 Rd3 31. Rc1 Ke7 32. Bf1 Rd8 33. Nd2 Ra8
34. Bd3 Ra2 35. Ke2 Bb8 36. Rc2 Ra5 37. Nb3 Ra3 38. Nd2 Ra5 39. Nb3 Ra4 40. Ke3
Ba7 41. f3 Ra3 42. Rb2 Kd7 43. Bc4 Kc7 44. Kd3 Ra4 45. Re2 Bd7 46. Rb2 Ra3 47.
Rb1 Ba4 48. Rb2 Bd7 49. Rb1 h5 50. Rb2 Bc6 51. Rb1 Ra4 52. Re1 g5 53. h4 gxh4
54. gxh4 Ra2 55. Rg1 Rf2 56. Ke3 Rc2 57. Kd3 Rf2 58. Ke3 Rb2 59. Rg7 Ba4 60.
Rxf7+ Kc6 61. Nd2 Bxc5+ 62. Kd3 Kd6 63. Rf6 Bd7 64. Rh6 b5 65. Bb3 Bf2 66. Rxh5
Be1 67. Bc2 Bc8 68. c4 b4 69. Rh8 Ba6 70. Ra8 Ra2 71. Rb8 Ra3+ 72. Nb3 Kc7 73.
Rh8 Ra2 74. h5 Bxc4+ 75. Kxc4 Rxc2+ 76. Kb5 Rh2 77. h6 Bh4 78. h7 Be7 79. Na5
Kd7 80. Nc4 b3 81. Nb6+ Kd6 82. Rc8 Bf6 83. Nc4+ Ke7 84. Rb8 b2 85. Kc5 Rxh7 86.
Rxb2 Rh3 87. Rb7+ Kf8 88. Kd6 Rxf3 89. Kxe6 Kg8 90. Nd6 Bh8 91. Nf5 Ra3 92. Rb8+
Kh7 93. Kf7 Ra7+ 94. Ne7 Ra6 95. Nd5 Ra7+ 96. Ke6 Ra6+ 97. Kf5 Bg7 98. Rb7 Rh6
99. Rb1 Rh5+ 100. Ke6 Rh4 101. Kf7 Rh2 102. Ne7 Rh6 103. Rf1 Ra6 104. Rf2 Rb6
105. Nf5 Rb7+ 106. Ke6 Rb6+ 107. Kd5 Rb5+ 108. Kc6 Ra5 109. Rh2+ Kg8 110. Rg2
Ra7 111. Kd5 Ra5+ 112. Ke6 Ra6+ 113. Kd7 Ra7+ 114. Kc6 Kh7 115. Nxg7 Rxg7 116.
Rf2 Rg5 117. Kd5 Kg7 118. Ke6 Rh5 119. Rf7+ Kg8 120. Rf5 Rxf5 121. Kxf5 Kf7 1/2-1/2

[Event "Baku Open 2016"]
[Site "Baku AZE"]
[Date "2016.09.24"]
[Round "7.18"]
[White "Bashirli, Nail"]
[Black "Aliyev, Ravan"]
[Result "1-0"]
[WhiteTitle "FM"]
[WhiteElo "2387"]
[BlackElo "2225"]
[WhiteFideId "13406809"]
[BlackFideId "13409980"]
[EventDate "2016.09.18"]

1. e4 e6 2. d4 d5 3. Nd2 Nf6 4. e5 Nfd7 5. Bd3 c5 6. c3 Nc6 7. Ne2 cxd4 8. cxd4
f6 9. exf6 Qxf6 10. Nf3 h6 11. O-O Bd6 12. Ng3 O-O 13. Re1 Rd8 14. a3 Nf8 15.
Nh5 Qf7 16. Ne5 Bxe5 17. dxe5 d4 18. Qg4 Kh8 19. Qh4 Rd5 20. Nxg7 Nxe5 21. Be4
Rc5 22. Bxh6 Neg6 23. Bxg6 Nxg6 24. Qxd4 Rd5 25. Qc3 Kh7 26. Qe3 Bd7 27. Rad1
Rg8 28. Rxd5 exd5 29. Qg5 Rxg7 30. Bxg7 Kxg7 31. h4 Qf6 32. Qg3 Kf7 33. Qc7 Qc6
34. Qd8 d4 35. h5 Ne5 36. Qg5 Qf6 37. Qxe5 1-0

[Event "Baku Open 2016"]
[Site "Baku AZE"]
[Date "2016.09.24"]
[Round "7.19"]
[White "Paramzina, Anastasya"]
[Black "Bagheri, Maziar"]
[Result "1-0"]
[WhiteTitle "WFM"]
[WhiteElo "2164"]
[BlackElo "2361"]
[WhiteFideId "4165012"]
[BlackFideId "12530913"]
[EventDate "2016.09.18"]

1. e4 c5 2. Nf3 Nc6 3. d4 cxd4 4. Nxd4 Nf6 5. Nc3 d6 6. Bg5 e6 7. Qd2 Be7 8.
O-O-O a6 9. f4 Nxd4 10. Qxd4 O-O 11. Bc4 b5 12. Bb3 Bb7 13. Rhe1 Qa5 14. e5 dxe5
15. fxe5 b4 16. Bxf6 gxf6 17. Nd5 Bxd5 18. exf6 Bxf6 19. Qxf6 Qd8 20. Qf4 Kh8
21. Bxd5 exd5 22. Re5 Rc8 23. Rexd5 Qb6 24. Qe5+ f6 25. Qf5 Rcd8 26. Kb1 Rxd5
27. Qxd5 Re8 28. g4 Qf2 29. Qf7 Rc8 30. Rc1 Qd4 31. Qe6 Rf8 32. h3 a5 33. Qa6
Qd5 34. h4 Qd4 35. g5 f5 36. g6 f4 37. Qxa5 hxg6 38. h5 Rf5 39. Qa8+ Kg7 40.
hxg6 Rg5 41. Qh1 Kxg6 42. Rd1 Qc5 43. Qe4+ Rf5 44. Qe6+ Kh5 45. Rh1+ Kg4 46.
Qe2+ f3 47. Qh2 Rg5 48. Rg1+ Qxg1+ 49. Qxg1+ Kf4 50. Qc1+ Kg4 51. Qe3 Rf5 52.
Qf2 Re5 53. Kc1 Re2 54. Qxe2 1-0

[Event "Baku Open 2016"]
[Site "Baku AZE"]
[Date "2016.09.24"]
[Round "7.20"]
[White "Miroshnichenko, Pavel"]
[Black "Pirverdiyev, Agil"]
[Result "0-1"]
[WhiteElo "2281"]
[BlackElo "2343"]
[WhiteFideId "4188659"]
[BlackFideId "13400568"]
[EventDate "2016.09.18"]

1. d4 Nf6 2. Nf3 e6 3. g3 b6 4. Bg2 Bb7 5. c4 Be7 6. O-O O-O 7. Re1 d5 8. cxd5
exd5 9. Nc3 Re8 10. Bf4 Bd6 11. Bxd6 Qxd6 12. Ne5 a6 13. Qb3 Nbd7 14. f4 Qe6 15.
Rad1 Rad8 16. Qc2 c5 17. e3 Rc8 18. Nxd7 Qxd7 19. Qb3 Qe6 20. Na4 cxd4 21. Rxd4
b5 22. Nc3 Rc4 23. Qd1 Qb6 24. Rd3 g6 25. b3 Rcc8 26. h3 b4 27. Na4 Qb5 28. Rd4
a5 29. g4 h5 30. f5 g5 31. gxh5 Kh7 32. h6 Qa6 33. Rd2 Qd6 34. Qa1 Qe5 35. Qd1
Rg8 36. Rd4 Qxf5 37. Rf1 Qe6 38. Qf3 Rg6 39. Nb2 Ba6 40. Re1 Rc2 41. Na4 Ne4 42.
Nb6 g4 43. hxg4 Rxg4 44. Nxd5 Rgxg2+ 45. Qxg2 Rxg2+ 46. Kxg2 Qg4+ 0-1

[Event "Baku Open 2016"]
[Site "Baku AZE"]
[Date "2016.09.24"]
[Round "7.21"]
[White "Soozankar, A.M."]
[Black "Khalafova, Narmin"]
[Result "1-0"]
[WhiteTitle "FM"]
[BlackTitle "WIM"]
[WhiteElo "2329"]
[BlackElo "2219"]
[WhiteFideId "12503029"]
[BlackFideId "13402625"]
[EventDate "2016.09.18"]

1. e4 c5 2. Nf3 Nc6 3. Nc3 Nf6 4. e5 Ng4 5. Qe2 Qc7 6. d4 cxd4 7. Nb5 Qb8 8. Bf4
f6 9. Nfxd4 Ngxe5 10. O-O-O Nd3+ 11. Rxd3 Qxf4+ 12. Kb1 e6 13. g3 Nxd4 14. Rxd4
Qe5 15. Re4 Qb8 16. Rc4 d5 17. Rc3 Bb4 18. Rc7 Be7 19. Bh3 f5 20. Bxf5 Kf7 21.
Re1 exf5 22. Qxe7+ Kg6 23. Qxg7+ Kh5 24. g4+ 1-0

[Event "Baku Open 2016"]
[Site "Baku AZE"]
[Date "2016.09.24"]
[Round "7.22"]
[White "Abdulla, Khayala"]
[Black "Aghayev, Nijat"]
[Result "0-1"]
[WhiteTitle "WGM"]
[BlackTitle "IM"]
[WhiteElo "2214"]
[BlackElo "2342"]
[WhiteFideId "13401807"]
[BlackFideId "13402048"]
[EventDate "2016.09.18"]

1. e4 e5 2. Nf3 Nf6 3. Nxe5 d6 4. Nf3 Nxe4 5. d4 d5 6. Bd3 Bd6 7. O-O O-O 8. c4
c6 9. Re1 Bg4 10. h3 Bf5 11. Ng5 Nxg5 12. Bxf5 g6 13. Qg4 gxf5 14. Qxg5+ Qxg5
15. Bxg5 dxc4 16. Nd2 b5 17. Nf3 Nd7 18. Nh4 Rfe8 19. Nxf5 Bb4 20. Re3 f6 21.
Bh4 Kf7 22. g4 Nb6 23. Rf3 Kg6 24. Ng3 Nd5 25. Nh5 Re6 26. Rf5 Rae8 27. a3 Bd2
28. Kg2 a5 29. Rf3 Bh6 30. Ng3 Re1 31. Rxe1 Rxe1 32. Nf5 Bc1 33. a4 Bxb2 34.
axb5 c3 35. Ne3 Rxe3 36. b6 Re7 0-1

[Event "Baku Open 2016"]
[Site "Baku AZE"]
[Date "2016.09.24"]
[Round "7.23"]
[White "Mammadova, Narmin"]
[Black "Muradli, Mahammad"]
[Result "1-0"]
[WhiteTitle "WIM"]
[BlackTitle "FM"]
[WhiteElo "2230"]
[BlackElo "2331"]
[WhiteFideId "13403710"]
[BlackFideId "13409301"]
[EventDate "2016.09.18"]

1. e4 g6 2. d4 Bg7 3. Bc4 d6 4. Nf3 e6 5. Qe2 a6 6. a4 Ne7 7. O-O b6 8. Bg5 h6
9. Bh4 g5 10. Bg3 Bb7 11. Nbd2 Ng6 12. c3 g4 13. Ne1 h5 14. f4 gxf3 15. Qxf3 Qe7
16. h3 Nd7 17. Nc2 Bh6 18. Rad1 Rh7 19. Kh1 O-O-O 20. Qe2 Nb8 21. Nb4 Rg8 22.
Nxa6 Bxd2 23. Rxd2 Rhg7 24. Nxb8 Kxb8 25. Qe1 Qg5 26. Re2 h4 27. Bh2 Ne7 28. Rf4
Qa5 29. Bb5 Qa8 30. Rxh4 Nf5 31. Rf4 Ng3+ 32. Bxg3 Rxg3 33. Kh2 R3g7 34. Rff2 f5
35. d5 Ka7 36. a5 Qd8 37. axb6+ cxb6 38. Bc6 Bxc6 39. dxc6 Qc7 40. exf5 d5+ 41.
Kh1 exf5 42. Rxf5 Re7 43. Rxe7 1-0

[Event "Baku Open 2016"]
[Site "Baku AZE"]
[Date "2016.09.24"]
[Round "7.25"]
[White "Derakhshani, Borna"]
[Black "Rayes, Abdul Kader"]
[Result "1-0"]
[WhiteTitle "FM"]
[WhiteElo "2244"]
[BlackElo "2254"]
[WhiteFideId "12518450"]
[BlackFideId "7600801"]
[EventDate "2016.09.18"]

1. d4 Nf6 2. Bf4 d5 3. e3 c5 4. c3 Nc6 5. Nd2 e6 6. Ngf3 Bd6 7. Bg3 O-O 8. Ne5
Qc7 9. f4 b6 10. Bd3 Bb7 11. O-O Ne7 12. Qb1 g6 13. Bh4 Ne8 14. Ndf3 Nf5 15. Ng4
Nxh4 16. Nxh4 Be7 17. Nf3 Nd6 18. Ng5 1-0

[Event "Baku Open 2016"]
[Site "Baku AZE"]
[Date "2016.09.24"]
[Round "7.26"]
[White "Zherebtsova, Alexandra"]
[Black "Soyunlu, Narmin"]
[Result "0-1"]
[WhiteTitle "WFM"]
[WhiteElo "2159"]
[BlackElo "2095"]
[WhiteFideId "24129518"]
[BlackFideId "13400843"]
[EventDate "2016.09.18"]

1. d4 e6 2. Nf3 Nf6 3. c4 b6 4. a3 Ba6 5. Qc2 Bb7 6. Nc3 c5 7. dxc5 bxc5 8. Bf4
a6 9. h3 Be7 10. e3 O-O 11. Be2 d6 12. O-O Nc6 13. Rfd1 Qc7 14. Ng5 h6 15. Nge4
Nxe4 16. Nxe4 Ne5 17. Rd2 f5 18. Nc3 Qc6 19. f3 Rad8 20. Rad1 Qb6 21. Bg3 Ng6
22. e4 f4 23. Bf2 Qc7 24. Na4 Rc8 25. b4 Ne5 26. bxc5 dxc5 27. Rb1 Rfd8 28.
Rxd8+ Rxd8 29. Qb3 Bc8 30. Qb6 Qxb6 31. Nxb6 Kf7 32. Nxc8 Rxc8 33. Rb6 Rc6 34.
Rb7 Kf6 35. g3 Ng6 36. Kf1 Bd6 37. g4 Be5 38. Bd1 Bd4 39. Ba4 Rd6 40. Be8 Ne5
41. Be1 Rd8 42. Ba4 Nxc4 43. h4 Nxa3 44. h5 g5 45. Rh7 Nc4 46. Rxh6+ Kf7 47.
Rh7+ Kf6 48. Rc7 Rb8 49. Ke2 Rb2+ 50. Kd1 Ne3+ 51. Kc1 Ra2 52. Be8 Ra1+ 53. Kd2
Ra2+ 54. Kc1 Rc2+ 55. Kb1 Rh2 56. Kc1 Nc4 57. h6 Rxh6 58. Bh5 Rh8 59. Ra7 Rb8
60. Rxa6 Rb2 61. Ra4 Ne5 62. Rxd4 cxd4 63. Kxb2 Nd3+ 64. Kc2 Nxe1+ 65. Kd2 Nxf3+
66. Kd3 Ke5 67. Ke2 Nh2 0-1

[Event "Baku Open 2016"]
[Site "Baku AZE"]
[Date "2016.09.25"]
[Round "8.1"]
[White "Bogdanovich, Stanislav"]
[Black "Mammadov, Zaur"]
[Result "1-0"]
[WhiteTitle "IM"]
[BlackTitle "GM"]
[WhiteElo "2591"]
[BlackElo "2437"]
[WhiteFideId "14115298"]
[BlackFideId "13401033"]
[EventDate "2016.09.18"]

1. Nf3 d5 2. c4 c6 3. b3 Nf6 4. Bb2 Bf5 5. d3 e6 6. Nbd2 Nbd7 7. Nh4 Bg4 8. h3
Bh5 9. g4 Bg6 10. Bg2 Bd6 11. a3 a5 12. Ndf3 Qe7 13. Nd4 Nf8 14. e3 N6d7 15.
Ndf3 f6 16. cxd5 cxd5 17. Nd4 Ne5 18. Nxg6 Nfxg6 19. h4 O-O 20. f4 Nc6 21. Nb5
Bb8 22. Rc1 Nh8 23. g5 f5 24. h5 Qd7 25. g6 Ne5 26. a4 Ng4 27. h6 Nxg6 28. hxg7
Rf7 29. Qf3 e5 30. Ke2 Nf6 31. fxe5 Bxe5 32. Bxe5 Nxe5 33. Qf4 Ng6 34. Qg5 Rc8
35. Nd4 Ne7 36. Bh3 Rxc1 37. Rxc1 Ne8 38. Qf4 Nd6 39. Qe5 Ne8 40. Qb8 Nc6 41.
Nxc6 bxc6 42. Qa8 Rf6 43. Rf1 Qf7 44. Kd2 Kxg7 45. Qxa5 f4 46. exf4 Rxf4 47.
Qc3+ d4 48. Qxc6 Rf2+ 49. Ke1 Rxf1+ 50. Bxf1 Nf6 51. Qg2+ Kh8 52. Qg5 Qe6+ 53.
Be2 Nd5 54. a5 Qd6 55. a6 h6 56. Qh4 Nf4 57. Bf1 Qb4+ 58. Kf2 Qf8 59. Kg3 Ne6
60. a7 Qg7+ 61. Kf2 Qxa7 62. Qxh6+ Qh7 63. Qxh7+ Kxh7 64. Kf3 Kg6 65. b4 Kf6 66.
Ke4 Ke7 67. Kd5 Nf4+ 68. Kc6 Kd8 69. Kb7 Kd7 70. b5 Kd6 71. b6 Ne6 72. Kc8 1-0

[Event "Baku Open 2016"]
[Site "Baku AZE"]
[Date "2016.09.25"]
[Round "8.2"]
[White "Amin, Bassem"]
[Black "Sjugirov, Sanan"]
[Result "1/2-1/2"]
[WhiteTitle "GM"]
[BlackTitle "GM"]
[WhiteElo "2661"]
[BlackElo "2653"]
[WhiteFideId "10601457"]
[BlackFideId "4189302"]
[EventDate "2016.09.18"]

1. Nf3 c5 2. e4 d6 3. Bb5+ Nd7 4. O-O a6 5. Bd3 Ngf6 6. Re1 g6 7. c3 Bh6 8. Bf1
Ne5 9. Nxe5 dxe5 10. a4 O-O 11. Na3 Qc7 12. h3 Rd8 13. Bc4 Bd7 14. d4 Bxc1 15.
Rxc1 cxd4 16. cxd4 Qa5 17. Qb3 e6 18. dxe5 Qxe5 19. Bf1 Bc6 20. Nc4 Qg5 21. e5
Ne4 22. Qe3 Qxe3 23. Rxe3 Rd4 24. b3 Rad8 25. Be2 Bd5 26. Nb6 Bc6 27. Bf3 Nd2
28. Bxc6 bxc6 29. Rxc6 Rb4 30. Rd6 Rd4 31. Rxd8+ Rxd8 32. Rc3 Rd4 33. a5 Kg7 34.
g3 Rb4 35. Nd7 Rxb3 36. Rc6 Ra3 37. Rxa6 Nc4 38. Ra7 Rxa5 39. Rxa5 Nxa5 40. f4
Nc6 1/2-1/2

[Event "Baku Open 2016"]
[Site "Baku AZE"]
[Date "2016.09.25"]
[Round "8.3"]
[White "Bajarani, Ulvi"]
[Black "Lupulescu, Constantin"]
[Result "1/2-1/2"]
[WhiteTitle "GM"]
[BlackTitle "GM"]
[WhiteElo "2509"]
[BlackElo "2618"]
[WhiteFideId "13403028"]
[BlackFideId "1207822"]
[EventDate "2016.09.18"]

1. d4 Nf6 2. c4 e6 3. Nc3 Bb4 4. e3 O-O 5. Ne2 d5 6. a3 Be7 7. cxd5 exd5 8. Nf4
c6 9. Bd3 Bd6 10. O-O Re8 11. f3 Bxf4 12. exf4 b6 13. g4 Ba6 14. Bxa6 Nxa6 15.
Qd3 Nc7 16. f5 Qd6 17. Ne2 c5 18. Bf4 Qc6 19. Nc3 c4 20. Qd2 Nb5 21. Nd1 a6 22.
a4 Nd6 23. Nc3 Nb7 24. Rae1 b5 25. Na2 bxa4 26. Kh1 a5 27. Nc3 Nd6 28. Be5 Nb5
29. Bxf6 gxf6 30. Nxa4 Kg7 31. g5 h6 32. gxh6+ Kh8 33. Rxe8+ Rxe8 34. Rg1 Qc8
35. Qf4 Rg8 36. Re1 Rg5 37. Nc3 Nxc3 38. bxc3 Qxf5 39. Qxf5 Rxf5 40. Kg2 Rg5+
41. Kh3 Rg8 42. Ra1 Ra8 43. Ra4 Kh7 44. Kg4 Kxh6 45. f4 Kg6 46. f5+ Kh6 47. Kh4
Kg7 48. Kh5 Ra6 49. h3 Ra8 50. Kg4 Kf8 51. Kh5 Ke7 52. h4 Rh8+ 53. Kg4 Rg8+ 54.
Kh5 Rh8+ 55. Kg4 Rg8+ 56. Kh5 Ra8 57. Kh6 Rh8+ 58. Kg7 Rxh4 59. Rxa5 Rg4+ 60.
Kh6 Rh4+ 61. Kg7 Rg4+ 62. Kh6 Rg3 63. Ra7+ Kf8 64. Ra8+ Ke7 65. Ra7+ Ke8 66.
Ra8+ Kd7 67. Ra7+ Ke8 68. Ra8+ Kd7 69. Ra7+ Ke8 1/2-1/2

[Event "Baku Open 2016"]
[Site "Baku AZE"]
[Date "2016.09.25"]
[Round "8.4"]
[White "Hesham, Abdelrahman"]
[Black "Abasov, Nijat"]
[Result "1/2-1/2"]
[WhiteTitle "GM"]
[BlackTitle "GM"]
[WhiteElo "2419"]
[BlackElo "2552"]
[WhiteFideId "10600183"]
[BlackFideId "13402960"]
[EventDate "2016.09.18"]

1. d4 d5 2. c4 e6 3. Nc3 c6 4. Nf3 dxc4 5. e3 b5 6. a4 Bb4 7. Bd2 a5 8. axb5
Bxc3 9. Bxc3 cxb5 10. b3 Bb7 11. bxc4 b4 12. Bb2 Nf6 13. Bd3 Nbd7 14. O-O O-O
15. Re1 Be4 16. Bxe4 Nxe4 17. Qc2 f5 18. Red1 Qc7 19. Ne1 Rfc8 20. c5 Qb7 21.
Nd3 Nef6 22. Rdc1 Nd5 23. Qa4 Ra6 24. f3 Nb8 25. Re1 Qc6 26. Ne5 Qxa4 27. Rxa4
Nc6 28. Nc4 Rb8 29. Rc1 Ra7 30. Kf2 g6 31. g3 Rd8 32. Ke2 Nf6 33. Kd3 e5 34. Nd6
exd4 35. exd4 Re7 36. Rc2 Nd5 37. Re2 Rxe2 38. Kxe2 Rxd6 39. cxd6 Kf7 40. Kd3
Ke6 41. Ra1 Kxd6 42. Kc4 a4 43. Bc1 Na5+ 44. Kb5 Nb3 45. Rxa4 Nxc1 46. Ra6+ Kd7
47. Kc4 Nc7 48. Ra1 Ne2 49. Re1 Nc3 50. Kxb4 N3b5 51. Kc5 Nd6 52. Rb1 Ne6+ 53.
Kd5 Nf7 54. Rb7+ Nc7+ 55. Kc5 Nd6 56. Rb1 1/2-1/2

[Event "Baku Open 2016"]
[Site "Baku AZE"]
[Date "2016.09.25"]
[Round "8.5"]
[White "Abdulov, Orkhan"]
[Black "Artemiev, Vladislav"]
[Result "0-1"]
[WhiteTitle "IM"]
[BlackTitle "GM"]
[WhiteElo "2372"]
[BlackElo "2663"]
[WhiteFideId "13402714"]
[BlackFideId "24101605"]
[EventDate "2016.09.18"]

1. e4 c5 2. Nf3 d6 3. d4 cxd4 4. Nxd4 Nf6 5. Nc3 a6 6. Be2 e6 7. O-O Be7 8. f4
O-O 9. Kh1 b5 10. Bf3 Ra7 11. Be3 Rc7 12. e5 dxe5 13. fxe5 Nfd7 14. Bf4 Nb6 15.
Ne4 Nd5 16. Bd2 Nd7 17. Ba5 Nxe5 18. Bxc7 Qxc7 19. Qe1 Nc4 20. Ng3 Nce3 21. Rf2
Bf6 22. c3 Bxd4 23. cxd4 Nc2 24. Rxc2 Qxc2 25. Bxd5 exd5 26. Qe5 Be6 27. Nh5 Qg6
28. Re1 h6 29. Nf4 Qg5 30. h3 Re8 31. Qxg5 hxg5 32. Nxd5 Rd8 33. Ne7+ Kf8 34.
Ng6+ Ke8 35. Re4 Kd7 36. Ne5+ Kd6 37. a3 Kd5 38. Re2 Rc8 39. Nf3 f6 40. Kg1 a5
41. Kf2 Bf5 42. Nxg5 fxg5 43. Re5+ Kxd4 44. Rxf5 Rc5 45. Rxc5 Kxc5 46. Ke3 Kc4
47. Kd2 Kb3 48. Kc1 Ka2 49. Kc2 b4 50. a4 Ka1 51. g3 Ka2 52. h4 gxh4 53. gxh4
b3+ 0-1

[Event "Baku Open 2016"]
[Site "Baku AZE"]
[Date "2016.09.25"]
[Round "8.6"]
[White "Bayramov, Elvin"]
[Black "Lenderman, Aleksandr"]
[Result "1/2-1/2"]
[BlackTitle "GM"]
[WhiteElo "2263"]
[BlackElo "2600"]
[WhiteFideId "13406655"]
[BlackFideId "2021285"]
[EventDate "2016.09.18"]

1. e4 c6 2. d4 d5 3. exd5 cxd5 4. Bd3 Nc6 5. Nf3 Bg4 6. c3 Qc7 7. Nbd2 e6 8. O-O
Bd6 9. h3 Bh5 10. Re1 Nge7 11. Nb3 h6 12. Be2 Bg6 13. Nh4 Bh7 14. Bd3 Bxd3 15.
Qxd3 O-O-O 16. Nc5 g5 17. Nf3 e5 18. Qd1 e4 19. Nd2 h5 20. Nf1 g4 21. h4 Ng6 22.
Bg5 Be7 23. Bxe7 Qxe7 24. Ne3 Nxh4 25. Qb3 Rhg8 26. Red1 Rg5 27. Rac1 g3 28. c4
gxf2+ 29. Kf1 dxc4 30. Qxc4 Nf5 31. Nxf5 Rxf5 32. Nxb7 Qxb7 33. Qxc6+ Qxc6 34.
Rxc6+ Kb7 35. Rc2 e3 36. Rd3 Rg8 37. Rxe3 Rxg2 38. Rb3+ Ka6 39. Ra3+ Kb7 40.
Rb3+ Ka6 41. Ra3+ 1/2-1/2

[Event "Baku Open 2016"]
[Site "Baku AZE"]
[Date "2016.09.25"]
[Round "8.7"]
[White "Alavi, Sayed Javad"]
[Black "Bodnaruk, Anastasia"]
[Result "1-0"]
[WhiteTitle "IM"]
[BlackTitle "IM"]
[WhiteElo "2453"]
[BlackElo "2465"]
[WhiteFideId "12500607"]
[BlackFideId "4181751"]
[EventDate "2016.09.18"]

1. d4 Nf6 2. c4 e6 3. Nc3 Bb4 4. Qc2 O-O 5. a3 Bxc3+ 6. Qxc3 d6 7. Bg5 Nbd7 8.
e3 b6 9. Ne2 Bb7 10. Qd3 c5 11. Nc3 d5 12. cxd5 exd5 13. Be2 Qe7 14. O-O Qe6 15.
Rad1 Ne4 16. Bf4 g5 17. Bg3 c4 18. Qc2 Nxg3 19. hxg3 f5 20. b3 cxb3 21. Qxb3
Rac8 22. Rc1 Nf6 23. Rc2 h5 24. Rfc1 h4 25. gxh4 gxh4 26. Nb5 h3 27. Rxc8 Bxc8
28. Bf3 Bb7 29. Rc7 Bc6 30. Nxa7 Bd7 31. Qc2 hxg2 32. Nc6 Ne4 33. Ne5 Bb5 34.
Bxg2 Qd6 35. Bxe4 fxe4 36. f4 Qh6 37. Qg2+ Kh8 38. Ng6+ 1-0

[Event "Baku Open 2016"]
[Site "Baku AZE"]
[Date "2016.09.25"]
[Round "8.8"]
[White "Idani, Pouya"]
[Black "Naghdiyev, Niyazi"]
[Result "1-0"]
[WhiteTitle "GM"]
[BlackTitle "FM"]
[WhiteElo "2543"]
[BlackElo "2366"]
[WhiteFideId "12510130"]
[BlackFideId "13405519"]
[EventDate "2016.09.18"]

1. Nf3 d5 2. g3 Nf6 3. Bg2 g6 4. c4 c6 5. b3 Bg7 6. Bb2 O-O 7. O-O Nbd7 8. d4 b6
9. Nc3 Bb7 10. Qc2 Qc7 11. e4 dxe4 12. Nxe4 Rab8 13. Rad1 Rfe8 14. Nxf6+ Bxf6
15. Rfe1 Rbd8 16. h4 Bc8 17. Re3 Nf8 18. Ne5 Rd6 19. Ba3 Bxe5 20. Bxd6 Bxd6 21.
c5 bxc5 22. dxc5 Be5 23. Qe4 Nd7 24. Qxc6 Rf8 25. Qxc7 Bxc7 26. Rxe7 Rd8 27. Bd5
Nf6 28. Rxc7 Be6 29. Bf3 1-0

[Event "Baku Open 2016"]
[Site "Baku AZE"]
[Date "2016.09.25"]
[Round "8.9"]
[White "Sindarov, Javokhir"]
[Black "Rasulov, Vugar"]
[Result "0-1"]
[WhiteTitle "CM"]
[BlackTitle "GM"]
[WhiteElo "2415"]
[BlackElo "2487"]
[WhiteFideId "14205483"]
[BlackFideId "13402390"]
[EventDate "2016.09.18"]

1. e4 e5 2. Nf3 Nc6 3. d4 exd4 4. Nxd4 Bb4+ 5. c3 Bc5 6. Be3 Bb6 7. Nf5 Qf6 8.
Na3 Nge7 9. Bxb6 axb6 10. Nb5 Kd8 11. Ne3 Qf4 12. Bd3 h5 13. g3 Qf6 14. f4 h4
15. Rf1 hxg3 16. hxg3 Rh3 17. Qf3 Qg6 18. Rg1 Rh2 19. a3 Na5 20. Rd1 c6 21. e5
Qe6 22. Nd6 Rxb2 23. Bc4 Nxc4 24. Nexc4 Rb3 25. g4 Nd5 26. Qh3 Kc7 27. Qh8 Qh6
28. Qxh6 gxh6 29. Nxf7 Rxc3 30. Ncd6 Nxf4 31. Rf1 Ra4 32. Nxh6 Re3+ 33. Kd2 Rxe5
34. Nhf5 Ne6 35. Rf3 Rxg4 36. Rb3 Nd4 0-1

[Event "Baku Open 2016"]
[Site "Baku AZE"]
[Date "2016.09.25"]
[Round "8.10"]
[White "Golubov, Saveliy"]
[Black "Vokhidov, Shamsiddin"]
[Result "1-0"]
[WhiteTitle "IM"]
[BlackTitle "IM"]
[WhiteElo "2481"]
[BlackElo "2364"]
[WhiteFideId "24176729"]
[BlackFideId "14204223"]
[EventDate "2016.09.18"]

1. e4 c5 2. Nf3 d6 3. d4 cxd4 4. Nxd4 Nf6 5. Nc3 g6 6. g3 Bd7 7. Bg2 Bg7 8. O-O
O-O 9. h3 Nc6 10. Nde2 Rc8 11. Be3 Qa5 12. Qd2 Ne5 13. Qd1 Nc4 14. Bc1 b5 15.
Nd4 b4 16. Nce2 e5 17. Nb3 Qc7 18. c3 a5 19. cxb4 axb4 20. g4 h5 21. g5 Nh7 22.
Nd2 Nb6 23. Nf3 Bc6 24. Ne1 f5 25. gxf6 Nxf6 26. Qb3+ Kh7 27. Qxb4 d5 28. Ng3 d4
29. Nf3 Kh8 30. Ng5 Bd7 31. Bd2 h4 32. Rfc1 Qa7 33. Nf1 Nh5 34. Nf3 Nf4 35. Rxc8
Bxc8 36. Bxf4 Rxf4 37. N1d2 Qc7 38. a4 Nd7 39. a5 Bf8 40. Qc4 Nc5 41. b4 Be6 42.
Qc1 Na6 43. b5 Nc5 44. a6 Qb8 45. a7 Qa8 46. Nxe5 Rf6 47. Ng4 1-0

[Event "Baku Open 2016"]
[Site "Baku AZE"]
[Date "2016.09.25"]
[Round "8.11"]
[White "Abdisalimov, Abdimalik"]
[Black "Pourramezanali, Amirreza"]
[Result "0-1"]
[WhiteTitle "FM"]
[BlackTitle "IM"]
[WhiteElo "2310"]
[BlackElo "2532"]
[WhiteFideId "14206323"]
[BlackFideId "12511412"]
[EventDate "2016.09.18"]

1. e4 g6 2. d4 Bg7 3. c4 c5 4. d5 d6 5. Nc3 e6 6. Nf3 exd5 7. cxd5 Nf6 8. Nd2
O-O 9. Be2 Re8 10. O-O Na6 11. Re1 Nc7 12. a4 Rb8 13. Ra3 b6 14. Bf1 a6 15. Rb3
Qe7 16. Nc4 b5 17. e5 Ng4 18. Bf4 Nxe5 19. Bxe5 Bb7 20. Re3 bxc4 21. Bxg7 Qd8
22. Bf6 Qxf6 23. Rxe8+ Nxe8 24. Bxc4 Qd8 25. Qd3 Nf6 26. h3 Ba8 27. Rxb8 Qxb8
28. Bxa6 Qxb2 29. Bc4 Qc1+ 30. Kh2 Qf4+ 31. Kg1 Qc1+ 32. Kh2 Qf4+ 33. Kg1 Nd7
34. Bb5 Ne5 35. Qe3 Qxe3 36. fxe3 Kf8 37. a5 Ke7 38. e4 Kd8 39. Na4 Kc7 40. Nb6
Bb7 41. Nc4 Nxc4 42. Bxc4 f6 43. h4 h6 44. Kf2 Kb8 45. g3 Ka7 46. Bb5 Ba6 47.
Bd7 Bc4 48. Bc8 Bd3 49. Ke3 Bb1 50. g4 g5 51. h5 Bc2 52. Bf5 Ba4 53. Bc8 Bb5 54.
Kf2 Kb8 55. Bf5 Kb7 56. Ke3 Ka6 57. Kd2 Kxa5 58. Kc3 Bf1 59. Kb3 Ba6 60. Kc3 Ka4
61. Bd7+ Ka5 62. Be8 Be2 63. Bd7 Bd1 64. Bc8 Be2 65. Bd7 Bf3 66. Bf5 Kb5 67.
Bd7+ Ka5 68. Be8 Bxe4 69. Kc4 Bf3 70. Bd7 Bd1 71. Kc3 Kb6 72. Kc4 Bc2 73. Kc3
Bb1 74. Kc4 Kc7 75. Be6 Kd8 76. Kb5 Ke7 77. Kc6 Be4 78. Kc7 f5 79. gxf5 g4 80.
f6+ Kxf6 81. Bxg4 Ke5 82. Kd7 Bxd5 83. Ke7 Be4 84. Kd7 d5 85. Kc6 Kf4 86. Bd1
d4+ 87. Kxc5 Ke3 88. Kc4 d3 89. Kc3 d2 90. Bg4 Bc6 91. Bd1 Bd7 92. Kc4 Kf2 93.
Kd5 Bb5 94. Ke5 Be2 95. Bc2 Bxh5 0-1